000 00442nam a2200157Ia 4500
008 230312s9999||||xx |||||||||||||| ||und||
020 _a81-203-3858-6
082 _a621.3815
_bGHO-I
100 _aGhosh;Arun.K
245 0 _aIntroduction to Measurements and Instrumentation
260 _bPHI Learning
_aIndia
_c2009
300 _a810
546 _aEng.
650 _aEngineering
_vIntroduction to Measurements and Instrumentation
942 _cBK
999 _c7212
_d7212